| 000 | 00699nam a2200265Ia 4500 | ||
|---|---|---|---|
| 003 | OSt | ||
| 005 | 20221006160327.0 | ||
| 006 | a|||||r|||| 00| 0 | ||
| 007 | ta | ||
| 008 | 221006b |||||||| |||| 00| 0 eng d | ||
| 020 |
_a9788974825782 _cW20,000 |
||
| 024 | _a44,967 | ||
| 037 |
_bGift, Window on Korea _cTextual |
||
| 040 |
_aEASL _cEASL _beng |
||
| 041 |
_2eng _aeng |
||
| 082 | _aP495, Q1.1 | ||
| 100 |
_aLee Yun Keon _9672932 |
||
| 245 | 0 | _aHunting Korean | |
| 260 |
_aSeoul _bMun Yea Lim Korea _c2011 |
||
| 300 |
_a190p. _ccm. |
||
| 490 | _v KL | ||
| 650 | _aKL | ||
| 942 |
_hP495, Q1.1 _cTEXL _2CC |
||
| 999 |
_c1113059 _d1113059 |
||